Nové zahraniční trendy v oblasti pojišťovacích služeb

Rast konkurencie na trhu poisťovacích služieb. Poisťovanie väčších poškodení a katastrof. Rozsiahla transformácia poisťovacích služieb. Nové trendy v poisťovniach - hľadanie netradičných ciest k získavaniu prostriedkov na vykrývanie mimoriadne veľkých poistných strát (burzy katastrofických rizík, ka...

Full description

Saved in:
Bibliographic Details
Main Author: Brožová, A.
Format: Book Chapter
Language:Czech
Subjects:
Tags: Add Tag
No Tags, Be the first to tag this record!

MARC

LEADER 00000naa a2200000 4500
001 r022258
005 20230908090239.4
041 0 |a cze 
044 |a CZ 
245 1 0 |a Nové zahraniční trendy v oblasti pojišťovacích služeb  |c A. Brožová 
520 |a Rast konkurencie na trhu poisťovacích služieb. Poisťovanie väčších poškodení a katastrof. Rozsiahla transformácia poisťovacích služieb. Nové trendy v poisťovniach - hľadanie netradičných ciest k získavaniu prostriedkov na vykrývanie mimoriadne veľkých poistných strát (burzy katastrofických rizík, katastrofické opcie, poistné deriváty). 
610 2 0 |a poisťovníctvo 
610 2 0 |a služby 
610 2 0 |a Veľká Británia 
610 2 0 |a USA 
610 2 0 |a trh poistný 
610 2 0 |a riziko poistné 
610 2 0 |a poisťovne 
100 1 |a Brožová, A.